| 000 | 00953nam a22001937a 4500 | ||
|---|---|---|---|
| 999 |
_c57091 _d57091 |
||
| 003 | Ge_BSU | ||
| 005 | 20221221152833.0 | ||
| 008 | 191114s2019 ge ||||| |||| 00| 0 geo d | ||
| 041 | _ageo | ||
| 080 | _a82 ლ-16 | ||
| 100 |
_aლაზიშვილი, მზია _95350 |
||
| 245 |
_aდავით გურამიშვილის "წიგნი ესე მხიარული ზაფხული" ლიტერატურულ-მხატვრული ანალიზი / _cმზია ლაზიშვილი; სამეცნ. ხელმძღვ. შ. ჯიჯიეშვილი. |
||
| 300 |
_a134 გვ. _b30 სმ. |
||
| 504 | _a ბიბლიოგრ. გვ. 130-133 | ||
| 653 | _aფილოლოგია | ||
| 653 | _aდისერტაცია | ||
| 700 |
_a ჯიჯიეშვილი, შ. _eსამეცნ. ხელმძღვანელი _95349 |
||
| 942 |
_2udc _cDS |
||